000
00288nam a2200133Ia 4500
100
_a
Mhala/Aniket
942
_c
BK
654
_a
Programming
245
_a
Computer Programming II
260
_b
Nirali prakashan
_a
Pune
_c
2002
082
_a
5.133
_b
MHA
300
_a
639
546
_a
ENGLISH
999
_c
19084
_d
19084